00321nam a2200121Ia 4500008004100000100001300041245003900054260005000093300000900143650002500152942000700177999001500184190216s9999||||xx |||||||||||||| ||und|| aApte P G 0aInternational Financial Management bTata Mcgraw Hill Publishing Company Ltdc2002 a636p aFinancial Management cBK c6504d6504